| 000 | 01440nam0a2200313 4500 | ||
|---|---|---|---|
| 001 | RU\NLR\bibl\962449 | ||
| 005 | 20260405214112.0 | ||
| 035 | _a(NLR Aleph) 000950470 | ||
| 090 |
_a276446 _c276446 |
||
| 100 | _a20060628d2006 |||y0rusy50 ca | ||
| 101 | 0 | _arus | |
| 102 | _aRU | ||
| 105 | _ay ||||||||| | ||
| 200 | 1 |
_aПравовая социализация и правовая культура _e[учебное пособие] _fЗ.Н. Каландаришвили, А.С. Евдокимов |
|
| 210 |
_aСанкт-Петербург _c[б. и.] _d2006 |
||
| 215 |
_a51 с. _d21 |
||
| 300 | _aНа обороте тит. л. 1-й авт.: к.ю.н., к.п.н., доц. З.Н. Каландаришвили | ||
| 316 |
_aС автогр. авт. _5NLR |
||
| 316 |
_aавтограф _5NLR:2006-4/22800 |
||
| 606 | 1 |
_aПравовая культура _jУчебные издания _yРоссийская Федерация _92116179 _3RU\NLR\auth\661278402 |
|
| 686 | _aХ062.003я7 | ||
| 700 | 1 |
_4070 _8rus _7ca _aКаландаришвили _bЗ. Н. _cканд. юрид. наук, канд. пед. наук _gЗураб Нодарович _3RU\NLR\auth\7797079 _980005 |
|
| 701 | 1 |
_4070 _8rus _7ca _aЕвдокимов _bА. С. _cюрист _3RU\NLR\AUTH\7741127 _924077 |
|
| 801 | 0 |
_aRU _bNLR _c20060628 _grcr |
|
| 801 | 1 |
_aRU _bNLR _c20060628 |
|
| 830 | _a1-й авт. по эк | ||
| 942 | _cBOOK | ||
| 980 | _aNB | ||